Astronauta solo /

Guardado en:
Autor Principal: De Santis, Pablo
Formato: Libro
Publicado: Buenos Aires : Colihue, 1993
Series:La movida
Materias:
Etiquetas: Agregar Etiqueta
Sin Etiquetas, Sea el primero en etiquetar este registro!
LEADER 01104nam a22002895a 4500
001 CEM.cems007544
008 130507s1993##################000#0#####d
005 20221011094354.0
245 1 0 |a Astronauta solo /  |c Pablo de Santis 
260 |a Buenos Aires :  |b Colihue,  |c 1993 
300 |a 89 p. 
490 0 |a La movida 
020 |a 9505812094 
100 1 |a De Santis, Pablo 
082 0 4 |a A863.4 
653 |a Literatura 
653 |a Literatura argentina 
653 |a Novelas 
653 |a Novela argentina-siglo 20 
653 |a Novela juvenil 
859 |a CEMS  |b BIB. CEMS - Inicial y Primaria  |h A863.4  |i D451-2  |k IP  |p 1744  |t Ej.1 
859 |a CEMS  |b BIB. CEMS - 11 de abril  |h A863.4  |i D451-2  |p 17573.94  |t Ej.1 
859 |a CEMS  |b BIB. CEMS - Inicial y Primaria  |h A863.4  |i D451-2  |k IP  |p 1745  |t Ej.2 
859 |a CEMS  |b BIB. CEMS - 11 de abril  |h A863.4  |i D451-2  |p 17574.94  |t Ej.2 
859 |a CEMS  |b BIB. CEMS - Inicial y Primaria  |h A863.4  |i D451-2  |k IP  |p 4021  |t Ej.3 
859 |a CEMS  |b BIB. CEMS - Ccias. Educacion  |h A863.4  |i D451-2  |p 28923.19  |t Ej.3 
859 |a CEMS  |b BIB. CEMS - Inicial y Primaria  |h A863.4  |i D451-2  |k IP  |p 5538  |t Ej.4